|
|
|
|
| LEADER |
00000nam a2200000 i 4500 |
| 001 |
115560 |
| 003 |
CZ ZlUTB |
| 005 |
20260429101214.0 |
| 007 |
ta |
| 008 |
260429t20172017xxua e p 001 0 eng d |
| 020 |
|
|
|a 978-1-4652-8594-2
|q (brožováno)
|
| 040 |
|
|
|a ZLD002
|b cze
|e rda
|
| 072 |
|
7 |
|a 005
|x Management. Řízení
|2 Konspekt
|9 4
|
| 072 |
|
7 |
|a 37.016
|x Učební osnovy. Vyučovací předměty. Učebnice
|2 Konspekt
|9 22
|
| 080 |
|
|
|a 005:394.4
|2 MRF
|
| 080 |
|
|
|a 796.02
|2 MRF
|
| 080 |
|
|
|a 796.062
|2 MRF
|
| 080 |
|
|
|a (075)
|2 MRF
|
| 100 |
1 |
|
|a Petersen, Jeffrey C.
|q (Jeffrey Christian)
|4 aut
|
| 245 |
1 |
0 |
|a Facility and event management :
|b application in sport /
|c Jeffrey C. Petersen, Lawrence W. Judge, John J. Miller
|
| 264 |
|
1 |
|a Dubuque, IA :
|b Kendall Hunt Publishing Company,
|c [2017]
|
| 264 |
|
4 |
|c ©2017
|
| 300 |
|
|
|a xxxi, 640 stran :
|b ilustrace ;
|c 26 cm
|
| 336 |
|
|
|a text
|b txt
|2 rdacontent
|
| 337 |
|
|
|a bez média
|b n
|2 rdamedia
|
| 338 |
|
|
|a svazek
|b nc
|2 rdacarrier
|
| 500 |
|
|
|a Terminologický slovník
|
| 504 |
|
|
|a Obsahuje bibliografie a rejstřík
|
| 650 |
0 |
7 |
|a event management
|7 ph769263
|2 czenas
|
| 650 |
0 |
7 |
|a sportovní zařízení
|7 ph125960
|2 czenas
|
| 650 |
0 |
7 |
|a sportovní management
|7 ph161988
|2 czenas
|
| 650 |
0 |
7 |
|a sportovní stadiony
|7 ph125955
|2 czenas
|
| 650 |
0 |
9 |
|a event management
|2 eczenas
|
| 650 |
0 |
9 |
|a sports facilities
|2 eczenas
|
| 650 |
0 |
9 |
|a sports management
|2 eczenas
|
| 650 |
0 |
9 |
|a sport stadiums
|2 eczenas
|
| 655 |
|
7 |
|a učebnice
|7 fd133770
|2 czenas
|
| 655 |
|
9 |
|a textbooks
|2 eczenas
|
| 700 |
1 |
|
|a Judge, Lawrence W.
|4 aut
|
| 700 |
1 |
|
|a Miller, John J.
|4 aut
|
| 910 |
|
|
|a ZLD002
|
| 942 |
|
|
|2 udc
|
| 952 |
|
|
|0 0
|1 0
|4 0
|5 0
|6 005PETERSENJC
|7 -1
|8 BOOK
|9 190920
|a UTBZL
|b UTBZL
|c 005
|d 2026-04-29
|l 0
|o 005/PETERSEN,J.C.
|p 420010198682
|r 2026-04-29 10:11:32
|v 3360.00
|w 2026-04-29
|x N:nákup
|y 01
|
| 992 |
|
|
|b SKNEW
|
| 999 |
|
|
|c 115560
|d 115560
|